|
|
|
|
| LEADER |
00000caa a22000002c 4500 |
| 001 |
1174802138 |
| 003 |
DE-627 |
| 005 |
20231218114120.0 |
| 007 |
tu |
| 008 |
030514s1994 xx ||||| 00| ||und c |
| 020 |
|
|
|a 3293001971
|
| 035 |
|
|
|a (DE-627)1174802138
|
| 035 |
|
|
|a (DE-576)104802138
|
| 035 |
|
|
|a (DE-599)BSZ104802138
|
| 040 |
|
|
|a DE-627
|b ger
|c DE-627
|e rakwb
|
| 084 |
|
|
|a RG00.11
|2 fivr
|
| 084 |
|
|
|a SG09
|2 fivs
|
| 084 |
|
|
|a 0
|2 ssgn
|
| 100 |
1 |
|
|a Sa'dawi, Nawal as-
|4 aut
|
| 245 |
1 |
4 |
|a Der doppelte Standard
|c Nawal El-Saadawi
|
| 264 |
|
1 |
|c 1994
|
| 336 |
|
|
|a Text
|b txt
|2 rdacontent
|
| 337 |
|
|
|a ohne Hilfsmittel zu benutzen
|b n
|2 rdamedia
|
| 338 |
|
|
|a Band
|b nc
|2 rdacarrier
|
| 650 |
|
4 |
|a Arabische Länder
|x Religion/Religionsgemeinschaften
|
| 773 |
0 |
8 |
|i In
|t Menschenbilder, Menschenrechte
|d Zürich : Unions-Verl., 1994
|g Zürich : Unionsverl(1994)
|h 254 S.
|w (DE-627)27795438X
|w (DE-576)039041077
|z 3293001971
|7 nnam
|
| 773 |
1 |
8 |
|g volume:Zürich : Unionsverl
|g year:1994
|
| 935 |
|
|
|a mteo
|
| 936 |
f |
i |
|0 (DE-627)1756133514
|a RG00.11
|b Arabische Länder
|k Arabische Länder
|2 fivr
|
| 936 |
f |
i |
|0 (DE-627)1756136092
|a SG09
|b Religion/Religionsgemeinschaften
|k Gesellschaft
|k Religion/Religionsgemeinschaften
|2 fivs
|
| 951 |
|
|
|a AR
|
| ELC |
|
|
|b 1
|
| ITA |
|
|
|a 1
|t 1
|
| LOK |
|
|
|0 000 xxxxxcx a22 zn 4500
|
| LOK |
|
|
|0 001 4426339693
|
| LOK |
|
|
|0 003 DE-627
|
| LOK |
|
|
|0 004 1174802138
|
| LOK |
|
|
|0 005 20231218173111
|
| LOK |
|
|
|0 008 231205||||||||||||||||ger|||||||
|
| LOK |
|
|
|0 040
|a DE-Tue135
|c DE-627
|d DE-Tue135
|
| LOK |
|
|
|0 092
|o n
|
| LOK |
|
|
|0 852
|a DE-Tue135
|
| LOK |
|
|
|0 852 1
|9 00
|
| LOK |
|
|
|0 935
|a fivi
|
| LOK |
|
|
|0 939
|a 05-12-23
|b l01
|
| ORI |
|
|
|a SA-MARC-ixtheoa001.raw
|
| REL |
|
|
|a 1
|
| SUB |
|
|
|a REL
|